Fe cristiana y compromiso social : (Record no. 94144)

MARC details
000 -LEADER
campo de control de longitud fija 01464cam a2200337Ia 4500
001 - NÚMERO DE CONTROL
campo de control 46301
005 - FECHA Y HORA DE LA ÚLTIMA TRANSACCIÓN
campo de control 20230410142343.0
008 - DATOS DE LONGITUD FIJA--INFORMACIÓN GENERAL
campo de control de longitud fija 020403s1981 xx b 001 0 spa d
035 ## - NÚMERO DE CONTROL DEL SISTEMA
Número de control de sistema (OCoLC)ocm49506994
040 ## - FUENTE DE CATALOGACIÓN
Centro catalogador/agencia de origen IXA
Centro/agencia transcriptor IXA
Centro/agencia modificador DIBAM
-- OCLCQ
035 ## - NÚMERO DE CONTROL DEL SISTEMA
Número de control de sistema (OCoLC)49506994
043 ## - CÓDIGO DE ÁREA GEOGRÁFICA
Código de área geográfica cl-----
050 14 - SIGNATURA TOPOGRÁFICA DE LA BIBLIOTECA DEL CONGRESO
Número de clasificación BX 1753
Número de ítem F288 1981
049 ## - FONDOS LOCALES (OCLC)
Biblioteca depositaria GRAL
245 00 - MENCIÓN DEL TÍTULO
Título Fe cristiana y compromiso social :
Resto del título elementos para una reflexión sobre América Latina a la luz de la doctrina social de la Iglesia.
260 ## - PUBLICACIÓN, DISTRIBUCIÓN, ETC.
Lugar de publicación, distribución, etc. [S.l.] :
Nombre del editor, distribuidor, etc. Departamento de Acción Social, CELAM,
Fecha de publicación, distribución, etc. [1981]
300 ## - DESCRIPCIÓN FÍSICA
Extensión xxxviii, 489 p. ;
Dimensiones 23 cm.
500 ## - NOTA GENERAL
Nota general "Este libro se edita bajo la dirección y supervisión de los Señores Obispos de la Comisión Episcopal del Departamento de Acción Social del CELAM, y ha sido redactado por Pierre Bigó, S.J. y Fernando Bastos de Avila, S.J."
504 ## - NOTA DE BIBLIOGRAFÍA, ETC.
Nota de bibliografía, etc. Includes bibliographical references and index.
650 #0 - PUNTO DE ACCESO ADICIONAL DE MATERIA--TÉRMINO DE MATERIA
Término de materia o nombre geográfico como elemento de entrada Christian sociology
Subdivisión general Catholic Church.
610 20 - PUNTO DE ACCESO ADICIONAL DE MATERIA--NOMBRE DE ENTIDAD CORPORATIVA
Nombre de entidad corporativa o nombre de jurisdicción como elemento de entrada Catholic Church
Subdivisión geográfica Latin America.
650 #0 - PUNTO DE ACCESO ADICIONAL DE MATERIA--TÉRMINO DE MATERIA
Término de materia o nombre geográfico como elemento de entrada Church and social problems
Subdivisión geográfica Latin America
Subdivisión general Catholic Church.
650 #0 - PUNTO DE ACCESO ADICIONAL DE MATERIA--TÉRMINO DE MATERIA
Término de materia o nombre geográfico como elemento de entrada Church and the world.
650 #7 - PUNTO DE ACCESO ADICIONAL DE MATERIA--TÉRMINO DE MATERIA
Término de materia o nombre geográfico como elemento de entrada IGLESIA CATOLICA Y PROBLEMAS SOCIALES
Subdivisión geográfica AMERICA LATINA.
Fuente del encabezamiento o término renib
700 1# - ENTRADA AGREGADA--NOMBRE PERSONAL
Nombre de persona Bigó, Pierre.
700 1# - ENTRADA AGREGADA--NOMBRE PERSONAL
Nombre de persona Avila, Fernando Bastos de,
Fechas asociadas al nombre 1918-
710 2# - ENTRADA AGREGADA--NOMBRE DE ENTIDAD CORPORATIVA
Nombre de entidad corporativa o nombre de jurisdicción como elemento de entrada Catholic Church.
Unidad subordinada Consejo Episcopal Latinoamericano.
-- Departamento de Acciâon Social.
942 ## - ELEMENTOS DE ENTRADA SECUNDARIOS (KOHA)
Fuente del sistema de clasificación o colocación Clasificación de Library of Congress
Tipo de ítem Koha
946 ## - PROCESAMIENTO DE INFORMACIÓN LOCAL (OCLC)
a mfcruz
994 ## -
-- C0
-- DRFGD
Holdings
Estatus retirado Estado de pérdida Fuente del sistema de clasificación o colocación Estado de daño No para préstamo Colección Biblioteca de origen Biblioteca actual Ubicación en estantería Fecha de adquisición Serial enumeration / chronology Signatura topográfica completa Código de barras Visto por última vez Copia número Tipo de ítem Koha
    Clasificación de Library of Congress     Humanidades Biblioteca Juan Bosch Biblioteca Juan Bosch Humanidades (4to. Piso) 10/04/2023 1 BX 1753 F288 1981 00000046954 17/11/2018 1